000 003990000a22001690004500
003 MACL
005 20160101130309.0
008 160101b xxu||||| |||| 00| 0 eng d
040 _aMACL
_cMACL
041 _aEnglish
082 _a338/SID
100 _aS Kirk
_926302
245 _aThe Chartered Bank
260 _bThe bank's Branches Serve
650 _aProduction
_926303
942 _cBK
_k338
_2ddc
999 _c36299
_d36299